000 00846nam a2200217 i 4500
001 172462
003 ES-MaACL
005 20240529062951.0
008 090708s1980 fr |||| | spa d
020 _a2-859-39153-3
080 _a821.134.2-22"16"
100 1 _aVega, Lope de,
_d1562-1635
_9113563
245 1 3 _aEl Nuevo Mundo descubierto por Cristobal Colón
_b: comedia de Lope de Vega Carpio /
_cédition critique, comentée et annotée par J. Lemartinel et Charles Minguet.
260 _a[Lille] :
_bPresses Universitaires de Lille,
_c[1980]
300 _aXV, 69 p. ;
_c24 cm.
546 _aTexto español, introducción y notas en francés.
700 1 _aLemartinel, Jean.
_9140999
700 0 _aMinguet, Charles.
_981340
852 _aES-MaACL
_jE-12775
_9R.139223
_z.- Biblioteca Jacinto Martínez Lacalle
999 _c172462
_d172462